Pokémon di tipo Acqua - Morte improvvisa - Statistics

Statistiche generali
  • Questo quiz è stato fatto 369 volte
  • Il punteggio medio è 7 su 15
Answers on the Grid
Answers color-coded by a green-red scale on the quiz's grid according to % correct below.
 
Statistiche sulle risposte
Risposta % Corretto
63%
58%
53%
48%
48%
47%
46%
46%
43%
41%
39%
39%
36%
36%
30%
Nessun quiz corrispondente trovato
Distribuzione punteggi
Percentuale di utenti per punteggio
Percentile per numero di risposta
I tuoi punteggi nel tempo
Non hai fatto questo quiz